Decas Sexta S. Concionum Sechster Theil/ Zehen Christlicher Lehr vnnd Trost/ Straff vnd WarnungsPredigten. Auß dem Alten vnd Newen Testament/ vor vnd in den Fastnachts Tagen gehalten

Bibliographic Details
Main Author: Braun, Hartmann, 1570-1624 (Author)
Corporate Author: Chemlin, Kaspar (Giessen, Nemecko) (Printer)
Other Authors: Chemlin, Kaspar (Printer, Dedicator), Theodoricus, Johannes (Contributor)
Format: Book
Language:German
PhysicalDescription:[6], 196 strán 4°
Published: Getruckt zu Giessen durch Caspar Chemlein Jm Jahr Christi 1614
ISBN:(viaz.)
Subjects:

MARC

LEADER 00000nam a2200000 a 4500
001 vtls011845571
003 SK-MaSNL
005 20260301143900.0
008 251112 1614 gw 011 0 ger
015 |a SNBHFA1614 
020 |a (viaz.) 
040 |a SNKHF  |b slo  |c SNK  |e AACR2 
041 |a ger 
044 |a gw  |c DE 
072 7 |a 27-46/-48  |x Pastorálna teológia  |2 konspekt 
080 |a 2-475.5  |2 2011 
100 1 |a Braun, Hartmann,  |d 1570-1624  |4 aut  |9 357115 
245 1 0 |a Decas Sexta S. Concionum  |b Sechster Theil/ Zehen Christlicher Lehr vnnd Trost/ Straff vnd WarnungsPredigten. Auß dem Alten vnd Newen Testament/ vor vnd in den Fastnachts Tagen gehalten  |c Durch M. Hartmannum Braun, Milsungensem, Pfarrhern zu Grunberg in Hessen 
260 |a Getruckt zu Giessen  |b durch Caspar Chemlein  |c Jm Jahr Christi 1614 
300 |a [6], 196 strán  |c 4° 
500 |a Vinety, linky, vlys, ozdobné iniciálky, titulný list v ráme s ornamentálnou linkou, marginálie 
501 |a Príväzok 5. k: Braun, Hartmann. Decas Prima S. Concionum, De Tempore. Giessen : Caspar Chemlein, 1613. 4°.  |5 SNK IC 144361/prív. 5 
504 |a Kustody 
508 |a Ded.: Chemlin, Kaspar; Kitzingen - mestská rada; príl. b.: Theodoricus, Johannes 
510 0 |a VD17 23:329088X ? 
546 |a Nemecký jazyk  |b Fraktúra 
561 |a Z knižnice Učenej spoločnosti malohontskej.  |5 SNK IC 144361/prív. 5 
650 0 7 |a kázne  |2 SNKPH  |9 1954 
700 1 |a Chemlin, Kaspar  |4 prt  |4 dto  |9 357116 
700 1 |a Theodoricus, Johannes  |4 ctb  |9 501468 
710 2 |a Učená spoločnosť malohontská  |4 fmo  |9 205374 
710 2 |a Chemlin, Kaspar (Giessen, Nemecko),  |d 1608-1624  |4 prt  |9 354488 
710 2 |a mestská rada  |d Kitzingen  |4 hnr  |9 501469 
752 |a Nemecko  |d Giessen 
852 |a snk  |b Historické fondy  |p IC 144361/prív. 5 
999 |c 775113  |d 777043 
952 |t MHC 1205, B. g. II. 138  |a SNK  |b SNK  |c SNK_HF  |y PREZ  |7 0  |p 17A1355228  |o snkIC 144361/prív. 5  |i snk2019/6651  |8 5  |0 0  |1 0  |4 0  |d 2019-03-13  |l 0  |r 2026-02-24 00:47:14  |w 2026-02-24